000 00332 a2200133 4500
999 _c325490
_d325490
001 90417
003 NUST
082 _a323.34 ZAK
100 _aDr Zakir Naik
_99627
245 _aIslam Mein Haqoq e Niswaan
_hUrdu
260 _aLahore
_bRumail House Publications
_c2014
300 _a112p.
500 _aGeneral Books
942 _aCAE NUST
_cBK
_k891.4393 FAY
_2ddc